000 00325nam a22001457a 4500
008 210609b ||||| |||| 00| 0 eng d
020 _a9780801332760
041 _aeng
080 _24th
_a338
082 _a338
100 _a53
101 _aMEN
245 _aWorking Through Conflict
_cJoseph P. Folger
942 _2udc
_cBK
999 _c58083
_d58083